00677nam a2200241 a 4500001001300000003000900013005001700022008004100039020000900080082002100089100002100110245003100131260002500162300000900187500003500196505001000231650002300241700002100264902000800285942000700293952012000300999001500420nice12345678IN_TiNIC20260116012312.0050524s1989 dela grp 000 0 eng  ac4500a306.0899145bBEH aBehera, Deepak K aEthnicity and Christianity aDelhi bISPCK c1989 a128p aincludes index and biblioraphy2 aindex aChristianity-India1 aBehera, Deepak K bSRS cBK 001040708StackRoom-aHMIbHMId2007-03-30g45.00l0o306.0899145 BEHp013337r2007-03-30v45.00w2005-05-24yBK c6465d6465